Munkaügyi statisztikai adatok.

Údaje pracovnej štatistiky za 2. štvrťrok 1991 v Maďarsku. Počet, mesačné btto a netto platy fyzicky a duševne pracujúcich v priemysle, poľnohospodárstve, doprave, spojov, obchode. Vývoj hrubého zárobku u plnozamestnaných vo výrobných odvetviach Maďarska za 1. polrok 1991.

Gespeichert in:
Bibliographische Detailangaben
Format: Buchkapitel
Sprache:Ungarisch
Schlagworte:
Tags: Tag hinzufügen
Keine Tags, Fügen Sie das erste Tag hinzu!

MARC

LEADER 00000naa a2200000 4500
001 r006393
005 20221125113935.0
041 0 |a hun 
044 |a HU 
245 1 0 |a Munkaügyi statisztikai adatok. 
520 |a Údaje pracovnej štatistiky za 2. štvrťrok 1991 v Maďarsku. Počet, mesačné btto a netto platy fyzicky a duševne pracujúcich v priemysle, poľnohospodárstve, doprave, spojov, obchode. Vývoj hrubého zárobku u plnozamestnaných vo výrobných odvetviach Maďarska za 1. polrok 1991. 
610 2 0 |a mzdy 
610 2 0 |a odvetvia výrobné 
610 2 0 |a údaje štatistické 
610 2 0 |a pracovníci duševní 
610 2 0 |a MR 
610 2 0 |a 1991